<?xml version="1.0" encoding="UTF-8"?><marc:collection xmlns:marc="http://www.loc.gov/MARC21/slim">
  <marc:record>
    <marc:leader>00000nam  2200000za 4500</marc:leader>
    <marc:controlfield tag="001">9.822514</marc:controlfield>
    <marc:controlfield tag="003">CaOODSP</marc:controlfield>
    <marc:controlfield tag="005">20221107143708</marc:controlfield>
    <marc:controlfield tag="007">cr |||||||||||</marc:controlfield>
    <marc:controlfield tag="008">160812s2006    quc     o    f000 0 fre d</marc:controlfield>
    <marc:datafield tag="040" ind1=" " ind2=" ">
      <marc:subfield code="a">CaOODSP</marc:subfield>
      <marc:subfield code="b">fre</marc:subfield>
    </marc:datafield>
    <marc:datafield tag="043" ind1=" " ind2=" ">
      <marc:subfield code="a">n-cn---</marc:subfield>
    </marc:datafield>
    <marc:datafield tag="086" ind1="1" ind2=" ">
      <marc:subfield code="a">CH6-49/2006F-PDF</marc:subfield>
    </marc:datafield>
    <marc:datafield tag="110" ind1="1" ind2=" ">
      <marc:subfield code="a">Canada.</marc:subfield>
      <marc:subfield code="b">Patrimoine canadien.</marc:subfield>
      <marc:subfield code="b">Direction des services de vérification et d'assurance.</marc:subfield>
    </marc:datafield>
    <marc:datafield tag="245" ind1="1" ind2="0">
      <marc:subfield code="a">Vérification de la gestion de l'information relative aux ressources humaines </marc:subfield>
      <marc:subfield code="h">[ressource électronique] / </marc:subfield>
      <marc:subfield code="c">Direction des services d’assurance, Direction générale des examens ministériels.</marc:subfield>
    </marc:datafield>
    <marc:datafield tag="260" ind1=" " ind2=" ">
      <marc:subfield code="a">[Gatineau, Qc] : </marc:subfield>
      <marc:subfield code="b">Patrimoine canadien, </marc:subfield>
      <marc:subfield code="c">2006.</marc:subfield>
    </marc:datafield>
    <marc:datafield tag="300" ind1=" " ind2=" ">
      <marc:subfield code="a">24 p.</marc:subfield>
    </marc:datafield>
    <marc:datafield tag="500" ind1=" " ind2=" ">
      <marc:subfield code="a">Publié aussi en anglais sous le titre : Audit of the management of human resource information.</marc:subfield>
    </marc:datafield>
    <marc:datafield tag="500" ind1=" " ind2=" ">
      <marc:subfield code="a">« Le 15 septembre 2006. »</marc:subfield>
    </marc:datafield>
    <marc:datafield tag="520" ind1=" " ind2=" ">
      <marc:subfield code="a">La vérification de la gestion de l’information relative aux ressources humaines a été effectuée conformément au Plan d’évaluation et de vérification de Patrimoine canadien (PCH) pour 2004-2005. La vérification visait à fournir une évaluation indépendante et objective des points suivants : 1. la mesure dans laquelle la gestion de l’information relative aux ressources humaines permet de répondre aux besoins ministériels, y compris la qualité et l’opportunité de l’information relative aux ressources humaines utilisée pour la prise de décisions; 2. la pertinence du soutien fonctionnel fourni pour combler les exigences opérationnelles de la Direction générale des ressources humaines et de la gestion du milieu du travail (DGRHGMT); 3. la pertinence des processus et des pratiques internes de gestion de l’information relative aux ressources humaines conçus pour assurer la conformité aux politiques pertinentes du Secrétariat du Conseil du Trésor, et plus spécifiquement de la Politique sur la gestion de l’information gouvernementale. ...</marc:subfield>
    </marc:datafield>
    <marc:datafield tag="692" ind1="0" ind2="7">
      <marc:subfield code="2">gccst</marc:subfield>
      <marc:subfield code="a">Vérification</marc:subfield>
    </marc:datafield>
    <marc:datafield tag="692" ind1="0" ind2="7">
      <marc:subfield code="2">gccst</marc:subfield>
      <marc:subfield code="a">Ressources humaines</marc:subfield>
    </marc:datafield>
    <marc:datafield tag="710" ind1="1" ind2=" ">
      <marc:subfield code="a">Canada.</marc:subfield>
      <marc:subfield code="b">Patrimoine canadien.</marc:subfield>
      <marc:subfield code="b">Direction générale des examens ministériels.</marc:subfield>
    </marc:datafield>
    <marc:datafield tag="775" ind1="0" ind2="8">
      <marc:subfield code="t">Audit of the management of human resource information </marc:subfield>
      <marc:subfield code="w">(CaOODSP)9.822507</marc:subfield>
    </marc:datafield>
    <marc:datafield tag="856" ind1="4" ind2="0">
      <marc:subfield code="q">PDF</marc:subfield>
      <marc:subfield code="s">121 Ko</marc:subfield>
      <marc:subfield code="u">https://publications.gc.ca/collections/collection_2016/pch/CH6-49-2006-fra.pdf</marc:subfield>
    </marc:datafield>
  </marc:record>
</marc:collection>
